| 000 | 00852nam a22001937a 4500 | ||
|---|---|---|---|
| 008 | 100303s2009 enk|||||r|||| 001 0 eng d | ||
| 020 | _a9780340987339 | ||
| 082 |
_222 _a615.14 _bLAP |
||
| 100 |
_912201 _aLapham, Robert. |
||
| 245 |
_aDrug Calculations for Nurses : _bA Step-by-Step Approach / _c Robert Lapham and Heather Agar. |
||
| 260 |
_aLondon : _b Arnold, 2009 _c2009 |
||
| 300 |
_a246 p.: _bill.; _c20 cm. |
||
| 500 | _aIncludes index | ||
| 650 |
_912202 _aPharmaceutical arithmetic _v Problems, exercises, etc. |
||
| 650 |
_912203 _aNursing _v Problems, exercises, etc. _x Mathematics |
||
| 700 |
_912204 _aAgar, Heather. |
||
| 942 |
_2ddc _cNRB |
||
| 999 |
_c13576 _d13576 |
||